[Event "VI Weekend A"]
[Site "Erba ITA"]
[Date "2012.03.10"]
[Round "3"]
[White "Boschetti, Claudio"]
[Black "Ranfagni, Stefano"]
[Result "1-0"]
[WhiteElo "2153"]
[BlackElo "1975"]
[PlyCount "91"]
[EventDate "2012.03.09"]

1. e4 e5 2. Bc4 Nf6 3. d3 Nc6 4. Nf3 Bc5 5. c3 O-O 6. a4 a5 7. O-O h6 8. d4
exd4 9. cxd4 Ba7 10. d5 Nb4 11. e5 Ne4 12. Nc3 Nxf2 13. Rxf2 Bxf2+ 14. Kxf2 d6
15. exd6 Qxd6 16. Nb5 Qg6 17. Bd2 c6 18. dxc6 bxc6 19. Bxb4 axb4 20. Nbd4 Rd8
21. Qc1 Bb7 22. Ne5 Qf6+ 23. Ndf3 Ba6 24. Bxf7+ Kh8 25. Bb3 Re8 26. Qc5 Rad8
27. Kg1 Kh7 28. Bf7 Re7 29. Bb3 Rde8 30. Re1 g5 31. h3 Bc8 32. a5 h5 33. Rf1
Ba6 34. Nc4 Rg7 35. h4 Bxc4 36. Bxc4 Qxb2 37. Nxg5+ Kh6 38. Qxc6+ Rg6 39. Qd7
Re7 40. Qxe7 Qd4+ 41. Rf2 Rg7 42. Qe6+ Rg6 43. Qf7 Qxh4 44. Nf3 Qg3 45. Bd3 Rg7
46. Qf6+ 1-0

[Event "VI Weekend A"]
[Site "Erba ITA"]
[Date "2012.03.10"]
[Round "3"]
[White "Cattaneo, Marco"]
[Black "Villa, Giorgio"]
[Result "1-0"]
[WhiteElo "2000"]
[BlackElo "1954"]
[PlyCount "45"]
[EventDate "2012.03.09"]

1. d4 d5 2. c4 c6 3. Nc3 Nf6 4. Nf3 e6 5. Bg5 Nbd7 6. e3 Qa5 7. Nd2 Bb4 8. Qc2
O-O 9. Be2 e5 10. O-O exd4 11. Nb3 Qc7 12. Nxd4 dxc4 13. Bxc4 Ne5 14. Be2 Bxc3
15. bxc3 Bg4 16. Bxf6 gxf6 17. f4 Bxe2 18. Qxe2 Ng6 19. Qh5 Rfd8 20. Nf5 Rd5
21. e4 Qb6+ 22. Kh1 Rd2 23. Qh6 1-0

[Event "VI Weekend A"]
[Site "Erba ITA"]
[Date "2012.03.10"]
[Round "3"]
[White "Cocconcelli, Lorenzo"]
[Black "Bernasconi, Roberto"]
[Result "1-0"]
[WhiteElo "1964"]
[BlackElo "1925"]
[PlyCount "55"]
[EventDate "2012.03.09"]

1. d4 d5 2. c4 dxc4 3. e4 e5 4. d5 Nf6 5. Nc3 c6 6. Bxc4 Bb4 7. Qb3 Qe7 8. Bg5
Bc5 9. h3 h6 10. Bd2 O-O 11. Nge2 b5 12. Bd3 a6 13. Rc1 Bb7 14. Ng3 Rd8 15. Nf5
Qf8 16. Na4 Ba7 17. Bb1 cxd5 18. Qg3 Nxe4 19. Nxh6+ Kh8 20. Bxe4 dxe4 21. Nxf7+
Qxf7 22. Qh4+ Kg8 23. Qxd8+ Kh7 24. Nb6 Nc6 25. Qh4+ Kg8 26. Nxa8 Bxa8 27. O-O
Bb7 28. Be3 1-0

[Event "VI Weekend A"]
[Site "Erba ITA"]
[Date "2012.03.10"]
[Round "3"]
[White "Drazic, Sinisa"]
[Black "Laketic, Gojko"]
[Result "1-0"]
[WhiteElo "2536"]
[BlackElo "2438"]
[PlyCount "73"]
[EventDate "2012.03.09"]

1. d4 Nf6 2. c4 e6 3. Nc3 Bb4 4. e3 c5 5. Nge2 cxd4 6. exd4 O-O 7. a3 Be7 8. g3
d5 9. cxd5 Nxd5 10. Bg2 Nf6 11. h3 Nc6 12. Qd3 Bd7 13. Be3 Na5 14. b4 Nc6 15.
O-O Rc8 16. Rfd1 a6 17. Rac1 Bd6 18. g4 Bb8 19. Bg5 h6 20. Bxf6 Qxf6 21. Ne4
Qe7 22. Nc5 Be8 23. Nc3 a5 24. d5 axb4 25. dxc6 Qxc5 26. cxb7 Rc7 27. Na2 Qe5
28. Rxc7 Bxc7 29. Nxb4 Ba4 30. Rc1 Qh2+ 31. Kf1 Rd8 32. Qc4 Bf4 33. Rb1 Bb8 34.
Na6 Bd1 35. Qc8 Qd6 36. Nxb8 Qd3+ 37. Kg1 1-0

[Event "VI Weekend A"]
[Site "Erba ITA"]
[Date "2012.03.10"]
[Round "3"]
[White "Gagliardi, Christian"]
[Black "Rambaldi, Francesco"]
[Result "0-1"]
[WhiteElo "2233"]
[BlackElo "2222"]
[PlyCount "82"]
[EventDate "2012.03.09"]

1. e4 c5 2. Nc3 a6 3. f4 b5 4. Nf3 Bb7 5. d3 e6 6. g3 b4 7. Nb1 d5 8. Nbd2 Nf6
9. Qe2 Be7 10. Bg2 O-O 11. O-O Nc6 12. Re1 Qc7 13. e5 Nd7 14. Nf1 Rac8 15. h4
Nd4 16. Qf2 a5 17. h5 a4 18. Ne3 f6 19. h6 gxh6 20. exf6 Bxf6 21. Bh3 Rce8 22.
Kh2 Bg7 23. Nxd4 cxd4 24. Ng2 Qb6 25. Bd2 Nc5 26. a3 b3 27. Bb4 e5 28. Rac1 e4
29. Bxc5 Qxc5 30. cxb3 Qb5 31. bxa4 Qxd3 32. Nh4 Bc8 33. Bf1 Qb3 34. Bb5 Rd8
35. Rxe4 dxe4 36. Bc4+ Qxc4 37. Rxc4 e3 38. Qf3 d3 39. Rc1 e2 40. Rb1 Rfe8 41.
Ng2 d2 0-1

[Event "VI Weekend A"]
[Site "Erba ITA"]
[Date "2012.03.10"]
[Round "3"]
[White "Guzzetti, Luigi Enrico"]
[Black "Gonella, Daniele"]
[Result "0-1"]
[WhiteElo "1943"]
[BlackElo "2112"]
[PlyCount "92"]
[EventDate "2012.03.09"]

1. e4 e5 2. Nf3 Nc6 3. Bb5 Nf6 4. O-O Nxe4 5. Re1 Nd6 6. Bxc6 dxc6 7. Nxe5 Be7
8. d4 O-O 9. Nc3 Be6 10. Be3 Nf5 11. Ne4 f6 12. Nf3 Nxe3 13. Rxe3 Bd5 14. Qe2
Re8 15. c4 Bf7 16. Rd1 Qd7 17. h3 Rad8 18. b3 a5 19. Qb2 b6 20. Nc3 Bd6 21.
Rxe8+ Rxe8 22. d5 cxd5 23. Nxd5 Bh5 24. Qc3 c6 25. Ne3 Bxf3 26. gxf3 Qe6 27.
Kg2 Bc5 28. Rd3 f5 29. Qd2 Qg6+ 30. Kh2 Qf6 31. Ng2 Qe5+ 32. f4 Qe2 33. Kg3
Bxf2+ 34. Kh2 Qf1 35. Qd1 Qxd1 36. Rxd1 Re2 37. Rd8+ Kf7 38. Rd7+ Kf8 39. Rd6
Rxa2 40. Rxc6 Rb2 41. Rc8+ Kf7 42. Rc7+ Kg6 43. Rc6+ Kh5 44. Rc7 Kh6 45. Rc6+
g6 46. h4 Rxb3 0-1

[Event "VI Weekend A"]
[Site "Erba ITA"]
[Date "2012.03.10"]
[Round "3"]
[White "Medici, Simone"]
[Black "Sbarra, Marco"]
[Result "1/2-1/2"]
[WhiteElo "2131"]
[BlackElo "2305"]
[PlyCount "96"]
[EventDate "2012.03.09"]

1. d4 Nf6 2. c4 e6 3. Nf3 d5 4. e3 c5 5. Nc3 a6 6. b3 Nc6 7. a3 Be7 8. dxc5
Bxc5 9. b4 Be7 10. Bb2 O-O 11. Qc2 dxc4 12. Bxc4 b5 13. Rd1 Qb6 14. Bd3 Bb7 15.
Ne4 Nxe4 16. Bxe4 f5 17. Bxc6 Qxc6 18. Qxc6 Bxc6 19. Ne5 Rfc8 20. Nxc6 Rxc6 21.
Rd7 Kf7 22. O-O Rd8 23. Rxd8 Bxd8 24. Rc1 Rd6 25. Kf1 Rd2 26. Bd4 Ra2 27. Ra1
Rxa1+ 28. Bxa1 Bc7 29. f4 e5 30. g3 Ke6 31. Ke2 Kd5 32. Kd3 e4+ 33. Kd2 Kc4 34.
Bxg7 Kb3 35. Bf8 a5 36. Bc5 Bd8 37. h3 h5 38. Bd6 a4 39. Bc5 Bf6 40. Bd4 Bxd4
41. exd4 Kc4 42. Ke3 Kd5 43. g4 fxg4 44. hxg4 hxg4 45. f5 g3 46. Ke2 Kd6 47.
Ke3 Kd5 48. Ke2 Kd6 1/2-1/2

[Event "VI Weekend A"]
[Site "Erba ITA"]
[Date "2012.03.10"]
[Round "3"]
[White "Pace, Pietro Dario"]
[Black "Moroni, Luca jr"]
[Result "1-0"]
[WhiteElo "2280"]
[BlackElo "2064"]
[PlyCount "61"]
[EventDate "2012.03.09"]

1. e4 c5 2. Nf3 d6 3. c3 Nf6 4. Bd3 Nc6 5. Bc2 e6 6. O-O Be7 7. Re1 O-O 8. d4
cxd4 9. cxd4 e5 10. d5 Nb4 11. Nc3 Nxc2 12. Qxc2 Ne8 13. Be3 f5 14. exf5 Bxf5
15. Qb3 Qd7 16. Rac1 Nf6 17. Nd2 b6 18. Nb5 Rac8 19. Rc6 Kh8 20. Rec1 Ng4 21.
f3 Nxe3 22. Qxe3 h6 23. Ne4 Bxe4 24. Qxe4 a6 25. Nc7 Bg5 26. R1c2 Rf4 27. Qg6
Rd4 28. Ne6 Rd1+ 29. Kf2 Re8 30. Rc7 Rd2+ 31. Kg3 1-0

[Event "VI Weekend A"]
[Site "Erba ITA"]
[Date "2012.03.10"]
[Round "3"]
[White "Pucovski, Miroslav"]
[Black "Guerra, Alessandro"]
[Result "1-0"]
[WhiteElo "2305"]
[BlackElo "2194"]
[PlyCount "74"]
[EventDate "2012.03.09"]

1. e4 e5 2. Nf3 Nc6 3. Bc4 Nf6 4. d3 Be7 5. Bb3 O-O 6. c3 d5 7. Qe2 Be6 8. Bc2
Nd7 9. Nbd2 f5 10. Nf1 fxe4 11. dxe4 d4 12. Bb3 Bxb3 13. axb3 Nc5 14. Qc4+ Kh8
15. Ng3 dxc3 16. bxc3 Qd3 17. Qxd3 Nxd3+ 18. Ke2 Nf4+ 19. Bxf4 exf4 20. Nf5 Bf6
21. N5d4 Rfe8 22. Nxc6 bxc6 23. Ra4 Rab8 24. Rb1 Bxc3 25. Kd3 Bf6 26. Kc2 c5
27. Nd2 Bd4 28. f3 Re6 29. Re1 a6 30. Nc4 g5 31. h3 h5 32. Rb1 Rb4 33. Kd3 Bf6
34. e5 Bg7 35. Rxb4 cxb4 36. Ke4 Kg8 37. Rd1 37... Rc6 {...} 1-0

[Event "VI Weekend A"]
[Site "Erba ITA"]
[Date "2012.03.10"]
[Round "3"]
[White "Quaranta, Cristiano"]
[Black "Massironi, Marco"]
[Result "1/2-1/2"]
[WhiteElo "2089"]
[BlackElo "2213"]
[PlyCount "24"]
[EventDate "2012.03.09"]

1. d4 d5 2. c4 c6 3. Nf3 Nf6 4. cxd5 cxd5 5. Nc3 Nc6 6. Bf4 a6 7. e3 Bf5 8. Bd3
Bxd3 9. Qxd3 e6 10. a3 Bd6 11. Bxd6 Qxd6 12. O-O O-O 1/2-1/2

[Event "VI Weekend A"]
[Site "Erba ITA"]
[Date "2012.03.10"]
[Round "3"]
[White "Schneider, Antonio"]
[Black "Negro, Roberto"]
[Result "0-1"]
[WhiteElo "1962"]
[BlackElo "2129"]
[PlyCount "162"]
[EventDate "2012.03.09"]

1. e4 g6 2. Bc4 Nc6 3. Nf3 Bg7 4. O-O d6 5. Re1 Nf6 6. h3 O-O 7. Nc3 Nd7 8. d4
Nb6 9. Bf1 a5 10. a4 Nb4 11. Ne2 d5 12. Ng3 dxe4 13. Nxe4 Bd7 14. c3 N4d5 15.
Nc5 Bc8 16. Ne5 Nf6 17. Ncd3 Nfd7 18. Ng4 Nf6 19. Nde5 Nxg4 20. Nxg4 Be6 21.
Ne5 Rc8 22. Nd3 Bd5 23. b3 Bc6 24. Ba3 Re8 25. Ne5 Bd5 26. c4 f6 27. Ng4 Bf7
28. Rc1 h5 29. Ne3 f5 30. Nc2 e5 31. d5 e4 32. Qd2 Ra8 33. Rcd1 Kh7 34. Bc1 Nd7
35. b4 b6 36. Nd4 Qf6 37. Nb5 Rec8 38. d6 cxd6 39. Nxd6 Rc7 40. Ba3 axb4 41.
Qxb4 Rca7 42. Qb5 Be6 43. Bb4 Qe5 44. f3 Rxa4 45. Rb1 Qxb5 46. Nxb5 Bf8 47.
Bxf8 Rxf8 48. fxe4 fxe4 49. Nc3 Rxf1+ 50. Rxf1 Rxc4 51. Ne2 e3 52. Rb5 Kh6 53.
Nf4 Bf5 54. Rb2 Kg5 55. Nd5 e2 56. Re1 Bd3 57. Nb4 Rxb4 58. Rxb4 b5 59. Kf2 Ne5
60. Rxe2 Nc6 61. h4+ Kf5 62. Rb3 Bxe2 63. Rc3 Bc4 64. Rg3 Ne5 65. Rg5+ Ke4 66.
Ke1 Be6 67. Kd2 Bf5 68. Rg3 Kd4 69. Rb3 Nc4+ 70. Ke2 Nd6 71. Kd2 Ne4+ 72. Kc1
Kc4 73. Kb2 b4 74. Rf3 Nc5 75. Rf4+ Be4 76. Ka1 Kc3 77. g3 b3 78. Rf2 Nd3 79.
Rh2 b2+ 80. Rxb2 Nxb2 81. g4 hxg4 0-1

[Event "VI Weekend A"]
[Site "Erba ITA"]
[Date "2012.03.10"]
[Round "3"]
[White "Tarelli, Daniele"]
[Black "Stips, Felix"]
[Result "1-0"]
[WhiteElo "1905"]
[BlackElo "2212"]
[PlyCount "79"]
[EventDate "2012.03.09"]

1. e4 d5 2. exd5 Qxd5 3. Nc3 Qd6 4. d4 Nf6 5. Nf3 a6 6. Be3 Bg4 7. Be2 Nc6 8.
Qd2 e6 9. h3 Bf5 10. O-O-O Nb4 11. Ne1 Nfd5 12. Kb1 Qb6 13. Nd3 Qa5 14. a3 Bxd3
15. axb4 Bxb4 16. cxd3 Nxc3+ 17. bxc3 Bxc3 18. Qa2 Qb4+ 19. Kc2 Bxd4 20. Bxd4
Qxd4 21. Rhf1 O-O 22. Qc4 Qd7 23. Bf3 c5 24. Ra1 Ra7 25. Kd2 Rd8 26. Be4 b5 27.
Qc3 c4 28. Ke3 f5 29. Bf3 b4 30. Qxc4 Rc7 31. Qxa6 Qd4+ 32. Kd2 Qc3+ 33. Ke3
Qe5+ 34. Kd2 Ra7 35. Qxa7 Qc3+ 36. Ke3 Rxd3+ 37. Kf4 Qf6 38. Qa8+ Kf7 39. Ra7+
Kg6 40. Qe8+ 1-0

[Event "VI Weekend A"]
[Site "Erba ITA"]
[Date "2012.03.11"]
[Round "4"]
[White "Bernasconi, Roberto"]
[Black "Cattaneo, Marco"]
[Result "0-1"]
[WhiteElo "1925"]
[BlackElo "2000"]
[PlyCount "104"]
[EventDate "2012.03.09"]

1. e4 c5 2. Nf3 d6 3. c4 Nc6 4. d4 cxd4 5. Nxd4 g6 6. Be3 Bg7 7. Nc3 Nf6 8. Be2
O-O 9. O-O Bd7 10. Rc1 Nxd4 11. Bxd4 Bc6 12. f3 Nd7 13. Be3 a5 14. b3 Nc5 15.
Nd5 Rc8 16. Qd2 Bxd5 17. Qxd5 Qb6 18. Qd2 Qb4 19. Rfd1 Qxd2 20. Rxd2 Ne6 21.
Rd5 Ra8 22. Rcd1 Bc3 23. Rb5 Rfb8 24. f4 Ra6 25. Rbd5 a4 26. e5 dxe5 27. fxe5
axb3 28. axb3 h5 29. R1d3 Ra1+ 30. Kf2 Ba5 31. Rd7 Bb4 32. R3d5 b6 33. Rb5 Nc5
34. Rc7 Ne6 35. Rc6 Be1+ 36. Kf3 g5 37. Rcxb6 Rxb6 38. Bxb6 g4+ 39. Ke3 Bh4 40.
Ba5 Bg5+ 41. Kf2 Ra2 42. Kf1 Ra1+ 43. Kf2 Ra2 44. Ke1 Nd4 45. Rb8+ Kg7 46. Bd3
Rxa5 47. b4 Rxe5+ 48. Kf1 Re3 49. Bb1 Rb3 50. Be4 Be3 51. b5 Rc3 52. g3 Rxc4
0-1

[Event "VI Weekend A"]
[Site "Erba ITA"]
[Date "2012.03.11"]
[Round "4"]
[White "Gonella, Daniele"]
[Black "Bargeri, Ludovico"]
[Result "0-1"]
[WhiteElo "2112"]
[BlackElo "1922"]
[PlyCount "144"]
[EventDate "2012.03.09"]

1. e4 e6 2. Nf3 d5 3. Nc3 Nf6 4. e5 Nfd7 5. d4 c5 6. Bf4 Nc6 7. dxc5 Bxc5 8.
Rb1 f6 9. Bd3 fxe5 10. Nxe5 Ndxe5 11. Qh5+ g6 12. Qh6 Bf8 13. Qh3 Bg7 14. Be2
a6 15. Qg3 O-O 16. h4 Qf6 17. Bg5 Qf7 18. f4 h6 19. fxe5 Bxe5 20. Qh3 hxg5 21.
hxg5 Qg7 22. g3 b5 23. Bg4 Nd4 24. Kd2 Nf5 25. Rbe1 Bxc3+ 26. bxc3 Bd7 27. Be2
Nd6 28. Bd3 e5 29. g4 e4 30. Be2 Rac8 31. Rh2 b4 32. Reh1 Qxc3+ 33. Qxc3 bxc3+
34. Ke3 Kf7 35. Kd4 Ke6 36. Rh6 Rg8 37. Rf1 Ne8 38. Rf5 Bc6 39. Bxa6 Ra8 40.
Be2 Rxa2 41. Kxc3 Ra4 42. Kb3 Nd6 43. Rf6+ Ke5 44. Rhxg6 Rxg6 45. Rxg6 d4 46.
Rf6 Ra7 47. Kb2 Rg7 48. Rf1 Rxg5 49. Kb3 Bb5 50. Bxb5 Nxb5 51. c4 dxc3 52. Kc4
Nd6+ 53. Kxc3 Rxg4 54. Rf8 Rg3+ 55. Kd2 Kd4 56. Rd8 Rg2+ 57. Kd1 Ke5 58. Ke1
Nf5 59. Kf1 Rb2 60. Ke1 Kf4 61. Rf8 Ke3 62. Kf1 Nd4 63. Re8 Rf2+ 64. Ke1 Nf3+
65. Kd1 Rd2+ 66. Kc1 Rd4 67. Ra8 Kf2 68. Ra2+ Rd2 69. Ra3 e3 70. Rb3 e2 71.
Rxf3+ Kxf3 72. Kxd2 Kf2 0-1

[Event "VI Weekend A"]
[Site "Erba ITA"]
[Date "2012.03.11"]
[Round "4"]
[White "Laketic, Gojko"]
[Black "Tarelli, Daniele"]
[Result "1-0"]
[WhiteElo "2438"]
[BlackElo "1905"]
[PlyCount "123"]
[EventDate "2012.03.09"]

1. d4 Nf6 2. Nf3 b6 3. c4 e6 4. g3 Ba6 5. b3 Ne4 6. a3 d5 7. Bg2 Nd7 8. Nbd2 f5
9. Bb2 c6 10. O-O Be7 11. Ne1 O-O 12. Nd3 Qe8 13. Rc1 Rf7 14. f3 Nef6 15. e4 g6
16. Re1 Rc8 17. Nf4 Nf8 18. b4 Qd7 19. Nd3 Qe8 20. Ne5 Rg7 21. Qb3 N8d7 22.
cxd5 cxd5 23. Nc6 Ra8 24. exd5 exd5 25. Qe3 Kf8 26. a4 Bb7 27. b5 a6 28. Nxe7
Rxe7 29. Ba3 Ng8 30. Bxe7+ Qxe7 31. Rc7 Qxe3+ 32. Rxe3 Bc8 33. bxa6 Ne7 34. a7
Ke8 35. Bf1 Kd8 36. Rec3 Nf6 37. Bb5 Bd7 38. Rb7 Bc8 39. Rxb6 Nd7 40. Rd6 Rxa7
41. Nb3 Ke8 42. Nc5 Kd8 43. Kf2 Ng8 44. Bxd7 Bxd7 45. a5 Ne7 46. a6 Nc8 47.
Rxd7+ Rxd7 48. Nxd7 Kxd7 49. Ke3 g5 50. h4 h6 51. Rc1 Na7 52. h5 Kd6 53. Kd3
Kd7 54. Rb1 Nc6 55. Rb7+ Kc8 56. Kc3 g4 57. f4 Na5 58. Rh7 Kb8 59. Rxh6 Nc4 60.
Re6 Na3 61. h6 Nb5+ 62. Kd3 1-0

[Event "VI Weekend A"]
[Site "Erba ITA"]
[Date "2012.03.11"]
[Round "4"]
[White "Massironi, Marco"]
[Black "Dokic, Zoran"]
[Result "1/2-1/2"]
[WhiteElo "2213"]
[BlackElo "2233"]
[PlyCount "47"]
[EventDate "2012.03.09"]

1. e4 c6 2. d4 d5 3. Nc3 dxe4 4. Nxe4 Bf5 5. Ng3 Bg6 6. h4 h6 7. Nf3 Nd7 8. h5
Bh7 9. Bd3 Bxd3 10. Qxd3 Ngf6 11. Bf4 Qa5+ 12. Bd2 Qc7 13. O-O-O e6 14. Ne4
Nxe4 15. Qxe4 Nf6 16. Qe2 Bd6 17. g3 O-O-O 18. c4 c5 19. Bc3 cxd4 20. Nxd4 a6
21. Nf3 Bc5 22. Ne5 Rxd1+ 23. Rxd1 Rd8 24. Rxd8+ 1/2-1/2

[Event "VI Weekend A"]
[Site "Erba ITA"]
[Date "2012.03.11"]
[Round "4"]
[White "Medici, Simone"]
[Black "Gagliardi, Christian"]
[Result "1/2-1/2"]
[WhiteElo "2131"]
[BlackElo "2233"]
[PlyCount "86"]
[EventDate "2012.03.09"]

1. d4 g6 2. c4 Bg7 3. Nf3 d6 4. e3 c6 5. b3 Qc7 6. Bb2 Nd7 7. Nbd2 Ngf6 8. Bd3
O-O 9. O-O e5 10. Rc1 Re8 11. Qc2 b6 12. Rfe1 Bb7 13. a4 a5 14. Ng5 Rad8 15. f4
exd4 16. exd4 Nf8 17. Ndf3 h6 18. Ne4 Nxe4 19. Bxe4 f5 20. Bd3 c5 21. d5 Bc8
22. h4 Bxb2 23. Qxb2 Qg7 24. Qxg7+ Kxg7 25. Rxe8 Rxe8 26. Re1 Rxe1+ 27. Nxe1
Kf6 28. g3 g5 29. hxg5+ hxg5 30. Kf2 Bd7 31. Be2 Be8 32. Nf3 gxf4 33. gxf4 Nh7
34. Kg3 Bh5 35. Ng1 Be8 36. Nf3 Bh5 37. Ng1 Be8 38. Kh4 Nf8 39. Bh5 Bg6 40.
Bxg6 Kxg6 41. Ne2 Nh7 42. Nc3 Nf6 43. Kg3 Ne4+ 1/2-1/2

[Event "VI Weekend A"]
[Site "Erba ITA"]
[Date "2012.03.11"]
[Round "4"]
[White "Moroni, Luca jr"]
[Black "Quaranta, Cristiano"]
[Result "1-0"]
[WhiteElo "2064"]
[BlackElo "2089"]
[PlyCount "91"]
[EventDate "2012.03.09"]

1. e4 e6 2. d4 d5 3. e5 c5 4. c3 Nc6 5. Nf3 Bd7 6. a3 f6 7. Bd3 Qc7 8. Bf4
O-O-O 9. b4 c4 10. Bc2 h6 11. h4 Be8 12. Bg3 f5 13. Nbd2 Bh5 14. Qb1 Qf7 15.
Bf4 Qg6 16. g3 Bg4 17. Nh2 Bh5 18. a4 Be7 19. Qc1 Bxh4 20. b5 Na5 21. b6 a6 22.
gxh4 Qg2 23. Rf1 g5 24. hxg5 hxg5 25. Bxg5 Qxg5 26. Ndf3 Qxc1+ 27. Rxc1 Bxf3
28. Nxf3 Nh6 29. Ng5 Kd7 30. f4 Rde8 31. Ke2 Kc6 32. Rb1 Ng4 33. Rh1 Rxh1 34.
Rxh1 Kxb6 35. Nxe6 Nxe5 36. dxe5 Rxe6 37. Bxf5 Re7 38. Rh6+ Nc6 39. Bh3 Kc5 40.
e6 d4 41. f5 dxc3 42. f6 c2 43. Kd2 Nb4 44. fxe7 c3+ 45. Kc1 Kc4 46. Rh4+ 1-0

[Event "VI Weekend A"]
[Site "Erba ITA"]
[Date "2012.03.11"]
[Round "4"]
[White "Negro, Roberto"]
[Black "Ranfagni, Stefano"]
[Result "0-1"]
[WhiteElo "2129"]
[BlackElo "1975"]
[PlyCount "120"]
[EventDate "2012.03.09"]

1. d4 e6 2. c4 f5 3. g3 Nf6 4. Bg2 d5 5. Nf3 c6 6. O-O Bd6 7. b3 Qe7 8. Bb2 O-O
9. Nbd2 Bd7 10. Ne5 Be8 11. Qc2 Bh5 12. Rae1 Nbd7 13. f3 Rac8 14. Nxd7 Qxd7 15.
c5 Bb8 16. e4 fxe4 17. fxe4 Bg6 18. Qd3 b6 19. Qe3 h6 20. exd5 exd5 21. cxb6
axb6 22. Qe6+ Qxe6 23. Rxe6 Rfe8 24. Bh3 Rc7 25. Rxe8+ Bxe8 26. a4 Re7 27. Kf2
Bd6 28. Re1 Rxe1 29. Kxe1 Bb4 30. Ke2 Bh5+ 31. Ke3 Bd1 32. Bc1 Bxd2+ 33. Bxd2
Bxb3 34. a5 bxa5 35. Bxa5 Kf7 36. Bb4 Bd1 37. Kf2 Ne4+ 38. Ke3 Ng5 39. Bf1 h5
40. Kf4 Nf3 41. Bc5 Nxh2 42. Ba6 Ng4 43. Kg5 Nf6 44. Bd3 Ne4+ 45. Bxe4 dxe4 46.
Kf4 Bf3 47. Bb6 Ke6 48. Bd8 Kd5 49. Ke3 Kc4 50. Be7 Kc3 51. Bf8 g6 52. Be7 Kc2
53. Bb4 Kd1 54. Ba5 g5 55. Be1 g4 56. Ba5 h4 57. gxh4 g3 58. Bc7 g2 59. Kf2 e3+
60. Kg1 e2 0-1

[Event "VI Weekend A"]
[Site "Erba ITA"]
[Date "2012.03.11"]
[Round "4"]
[White "Pace, Pietro Dario"]
[Black "Drazic, Sinisa"]
[Result "0-1"]
[WhiteElo "2280"]
[BlackElo "2536"]
[PlyCount "160"]
[EventDate "2012.03.09"]

1. e4 c5 2. Nf3 e6 3. d4 a6 4. c3 d5 5. dxc5 Bxc5 6. exd5 exd5 7. Be2 Nc6 8.
O-O Nge7 9. Nbd2 Ba7 10. Nb3 O-O 11. Nbd4 Nxd4 12. Nxd4 Nf5 13. Nxf5 Bxf5 14.
Bd3 Be4 15. Bf4 Qf6 16. Bg3 Rad8 17. Qc2 Qg6 18. Rad1 b5 19. Kh1 Rfe8 20. Bxe4
dxe4 21. a4 h5 22. axb5 axb5 23. Rfe1 Bb6 24. Qe2 Qf5 25. h3 Re6 26. Rxd8+ Bxd8
27. Rd1 Be7 28. Qd2 h4 29. Bf4 Kh7 30. Be3 Rd6 31. Bd4 Bg5 32. Qe2 Kg6 33. Re1
Re6 34. Kg1 Qd5 35. Rd1 Qc4 36. Qc2 f5 37. b3 Qc6 38. b4 Qc4 39. Ra1 Bf6 40.
Bxf6 Rxf6 41. Qd2 Rc6 42. Ra3 Qd3 43. Qxd3 exd3 44. Kf1 Kg5 45. Ke1 Kf4 46. Kd2
Rg6 47. Kxd3 Rxg2 48. Ke2 Rh2 49. c4 bxc4 50. b5 Rh1 51. Rc3 Rb1 52. Rxc4+ Kg5
53. Kf3 Rxb5 54. Rc3 Rb4 55. Ra3 Kh5 56. Rc3 Rb1 57. Ra3 Rg1 58. Kf4 Rg2 59.
Kf3 Rh2 60. Ke2 Rh1 61. Rb3 g5 62. Ra3 g4 63. hxg4+ Kxg4 64. Ra8 Rb1 65. Rg8+
Kf4 66. Rh8 Rb2+ 67. Ke1 Kg4 68. Rg8+ Kf3 69. Rh8 Rb1+ 70. Kd2 Rb4 71. Ke1 Kg2
72. Ke2 Re4+ 73. Kd3 Kxf2 74. Rh5 Rf4 75. Kd2 Kf3 76. Ke1 Kg3 77. Rh8 h3 78.
Rg8+ Kf3 79. Rh8 Kg2 80. Rg8+ Rg4 0-1

[Event "VI Weekend A"]
[Site "Erba ITA"]
[Date "2012.03.11"]
[Round "4"]
[White "Rambaldi, Francesco"]
[Black "Boschetti, Claudio"]
[Result "1-0"]
[WhiteElo "2222"]
[BlackElo "2153"]
[PlyCount "75"]
[EventDate "2012.03.09"]

1. c4 c5 2. Nf3 Nc6 3. d4 cxd4 4. Nxd4 g6 5. e4 Bg7 6. Be3 Nf6 7. Nc3 O-O 8.
Be2 d6 9. O-O Bd7 10. Qd2 Ng4 11. Bxg4 Bxg4 12. f3 Bd7 13. Nxc6 bxc6 14. c5
dxc5 15. Bxc5 Be6 16. Qe3 Qc7 17. Rac1 Rfd8 18. b3 Rd7 19. Na4 Rad8 20. Rc2 f5
21. exf5 Bxf5 22. Rcc1 Be5 23. f4 Bf6 24. Nc3 Rd3 25. Qe1 Rd2 26. a3 e5 27. Ne4
Bxe4 28. Qxe4 exf4 29. Qe6+ Kg7 30. Bb4 Qd7 31. Rxc6 Qxe6 32. Rxe6 Bd4+ 33. Kh1
Rd3 34. Rxf4 Bc5 35. Bxc5 Rd1+ 36. Bg1 Rb1 37. Re7+ Kg8 38. Rb4 1-0

[Event "VI Weekend A"]
[Site "Erba ITA"]
[Date "2012.03.11"]
[Round "4"]
[White "Sbarra, Marco"]
[Black "Pucovski, Miroslav"]
[Result "1-0"]
[WhiteElo "2305"]
[BlackElo "2305"]
[PlyCount "65"]
[EventDate "2012.03.09"]

1. d4 d5 2. c4 c6 3. Nf3 Nf6 4. e3 e6 5. b3 Nbd7 6. Bd3 Bd6 7. Bb2 O-O 8. O-O
Ne4 9. Qc2 f5 10. Ne5 Qg5 11. f4 Qe7 12. Nd2 Ndf6 13. Ndf3 Bd7 14. c5 Bxe5 15.
dxe5 Ng4 16. Bd4 Nh6 17. b4 Nf7 18. a4 g5 19. b5 Kh8 20. Rab1 Rg8 21. a5 Rg6
22. a6 bxa6 23. bxa6 Rag8 24. Rb7 gxf4 25. exf4 Rxg2+ 26. Qxg2 Rxg2+ 27. Kxg2
Nh6 28. Rxa7 Qg7+ 29. Kh1 Qg4 30. Rxd7 Ng3+ 31. hxg3 Qh3+ 32. Nh2 Ng4 33. Bg1
1-0

[Event "VI Weekend A"]
[Site "Erba ITA"]
[Date "2012.03.11"]
[Round "4"]
[White "Schneider, Antonio"]
[Black "Guzzetti, Luigi Enrico"]
[Result "0-1"]
[WhiteElo "1962"]
[BlackElo "1943"]
[PlyCount "204"]
[EventDate "2012.03.09"]

1. e4 c5 2. Nc3 e6 3. Nf3 Nc6 4. Bb5 Nge7 5. O-O a6 6. Be2 Nd4 7. Nxd4 cxd4 8.
Nb1 Nc6 9. d3 Be7 10. Nd2 O-O 11. f4 f6 12. Bf3 Qc7 13. Nb3 Rb8 14. a3 b5 15.
Bd2 Bb7 16. Qe1 a5 17. Rc1 a4 18. Na5 Nxa5 19. Bxa5 Qxf4 20. Bb4 Bd6 21. g3
Bxb4 22. Qxb4 Qe5 23. c3 dxc3 24. d4 Qg5 25. Rxc3 h5 26. Kg2 Rfc8 27. Qd6 e5
28. d5 Ra8 29. Qxd7 Rxc3 30. bxc3 Bc8 31. Qxb5 Ba6 32. Qb4 Bxf1+ 33. Kxf1 h4
34. gxh4 Qxh4 35. Qb2 Qf4 36. Kg2 f5 37. Qe2 Rb8 38. exf5 Qxf5 39. Bg4 Qf4 40.
d6 Rd8 41. d7 e4 42. h3 e3 43. Qf3 Qe5 44. c4 Qb2+ 45. Kg3 Qe5+ 46. Qf4 Qxf4+
47. Kxf4 e2 48. Bxe2 Rxd7 49. Ke3 Kf7 50. Bf3 Ke7 51. Bd5 Rc7 52. Kd4 Kd6 53.
Be4 g5 54. Bc2 Ra7 55. c5+ Kc6 56. Kc4 Kc7 57. Be4 Ra6 58. Kb5 Re6 59. Bf5 Re3
60. Kxa4 Kc6 61. Kb4 Re5 62. Bg4 Rxc5 63. a4 Kb6 64. Bd7 Re5 65. Kc4 Ka5 66.
Kd4 Re7 67. Bb5 Rh7 68. Ke5 Rxh3 69. Kf5 Rg3 70. Be8 Rg1 71. Bb5 g4 72. Kf4 g3
73. Kf3 Kb6 74. Be8 Kc5 75. Bb5 Kd6 76. Kf4 Ke6 77. Bc4+ Kf6 78. Bb5 Kg6 79.
Kg4 Kf6 80. Kf4 Ke6 81. Ke4 Kd6 82. Kf4 Kc5 83. Ke4 Kb4 84. Kf4 Kc3 85. Ke3 Kc2
86. Ke2 Rg2+ 87. Kf3 Rg1 88. Ke2 Kc1 89. Bc6 Rd1 90. Kf3 Rd3+ 91. Kg2 Kd2 92.
Bb5 Re3 93. Ba6 Kc3 94. Bb5 Kd4 95. Bc6 Ke5 96. Bd7 Kf4 97. Bb5 Rb3 98. Bc6
Rb2+ 99. Kg1 Rc2 100. Be8 g2 101. Bg6 Ra2 102. Be8 Kg3 0-1

[Event "VI Weekend A"]
[Site "Erba ITA"]
[Date "2012.03.11"]
[Round "4"]
[White "Stips, Felix"]
[Black "Cocconcelli, Lorenzo"]
[Result "1-0"]
[WhiteElo "2212"]
[BlackElo "1964"]
[PlyCount "105"]
[EventDate "2012.03.09"]

1. f4 e6 2. Nf3 Nf6 3. d3 d5 4. e3 c5 5. Be2 Nc6 6. O-O g6 7. a4 Bg7 8. Kh1 Qc7
9. Nc3 a6 10. e4 d4 11. Nb1 O-O 12. Qe1 Rb8 13. a5 Nd7 14. Bd2 b5 15. axb6 Nxb6
16. b3 f5 17. e5 Nd5 18. Na3 Ncb4 19. Bd1 Re8 20. Nc4 Bf8 21. h3 Bd7 22. Kh2
Bc6 23. Qf2 h6 24. g4 Red8 25. Rg1 Rd7 26. gxf5 exf5 27. Rxg6+ Kh7 28. Rg1 Qd8
29. Nh4 Ne7 30. Nd6 Rxd6 31. exd6 Qxd6 32. Bxb4 cxb4 33. Rxa6 Ra8 34. Rxa8 Bxa8
35. Qg3 Bd5 36. Nf3 Nc6 37. h4 Bf7 38. h5 Qf6 39. Ne5 Nxe5 40. fxe5 Qc6 41. Qf4
Qc8 42. Rf1 Be6 43. Qxd4 Qc7 44. Qf4 Be7 45. Re1 Qc3 46. Qf2 Bc5 47. Qg3 Qd2+
48. Re2 Qg5 49. Rg2 Be7 50. d4 Bd5 51. Bf3 Bxf3 52. Qxf3 Qh4+ 53. Qh3 1-0